| 000 | 00648nam a2200241 a 4500 | ||
|---|---|---|---|
| 001 | 67666 | ||
| 003 | BD-RjUL | ||
| 005 | 20211209081700.0 | ||
| 008 | 170328r19821971enka b 001 0 eng d | ||
| 020 | _a0471062065 | ||
| 035 | _a(BD-RjUL)67875 | ||
| 040 |
_aBD-RjUL _beng _cBD-RjUL _dBD-RjUL |
||
| 041 | _aeng | ||
| 082 |
_223 _a641.3 _bCHF 1982 |
||
| 100 | 1 |
_aCharley ,Helen. _947586 |
|
| 245 | 1 | 0 |
_aFood science / _cHelen Charley |
| 250 | _a2nd ed. | ||
| 260 |
_aNewYork : _bJohn wiley and sons, _c1982. |
||
| 300 |
_a564 p. : _bill. ; _c25 cm. |
||
| 504 | _aincludes bibliographies and indexes. | ||
| 650 |
_aFood _947587 |
||
| 942 |
_2ddc _cBK |
||
| 999 |
_c67666 _d67666 |
||